| 000 | 00646nam a22001937a 4500 | ||
|---|---|---|---|
| 999 |
_c173050 _d173050 |
||
| 005 | 20200218105649.0 | ||
| 010 | _aB-123046 | ||
| 020 |
_a8182231175 _c120.00 |
||
| 035 | _aB-123046 | ||
| 037 | _bBPPD/Pub. | ||
| 082 | _a842 | ||
| 100 | _aمنٹو، سعادت حسن | ||
| 245 |
_aتیڑھی لکیر / _cسعادت حسن منٹو |
||
| 246 |
_aTerhi Lakeer (Urdu) / _bby Saadat Hasan Manto ; edited by Humayun Ashraf |
||
| 260 |
_aDelhi _bEducational Publishing House _c2005 ء |
||
| 270 |
_a3108, Vakil Street, Kucha Pandit, Lal Kuan _bDelhi _e110006 |
||
| 300 |
_a176p. _c23cm(Hb) |
||
| 942 |
_2ddc _cUR _mم ن ٹ _h842 |
||